Score 0/32 Timer 06:00
1 Play Today
% Correct
Breaking
98.2%
Downton
97.8%
Mission:
97.7%
Arrested
97.5%
Modern
97.1%
Bob's
95.9%
30
95.7%
Mad
94.8%
Ally
94.5%
South
94.5%
Deadliest
94.1%
NYPD
93.5%
Undercover
92.6%
Upstairs,
92.4%
Picket
90.8%
Get
90.4%
% Correct
L.A.
89.5%
Top
87.7%
Northern
87.5%
Murphy
86.9%
Barney
80.1%
Lou
78.6%
Samurai
73.2%
Police
60.7%
Game
58.6%
Producers'
58.2%
Studio
56.1%
Alcoa-Goodyear
40.8%
Playhouse
38.2%
American
36.7%
Ziggy's
35.8%
Elizabeth
34.4%
Remove Ads.
Support Sporcle.
Get the best of Sporcle when you Go Orange. This ad-free experience offers more features, more stats, and more fun while also helping to support Sporcle. Thank you for becoming a member.

You're not logged in!

Compare scores with friends on all Sporcle quizzes.
OR
Log In

Show Comments

Extras

Top Quizzes Today


Score Distribution

Your Account Isn't Verified!

In order to create a playlist on Sporcle, you need to verify the email address you used during registration. Go to your Sporcle Settings to finish the process.

Report this User

Report this user for behavior that violates our Community Guidelines.

Details: